Catalog

Record Details

Catalog Search



Daddy's little girl Cover Image Large Print Book Large Print Book

Daddy's little girl [large print] / Mary Higgins Clark.

Record details

  • ISBN: 0743228774
  • ISBN: 0739425641
  • Physical Description: 336 pages (large print) ; 25 cm.
  • Edition: [Large print edition]
  • Publisher: New York : Simon & Schuster, c2002.
Subject: Homicide > Fiction.
Families > Fiction.
Sisters > Death > Fiction.
Large type books.
Genre: Mystery fiction.

LDR 00813cam a2200253 a 4500
001126447
003CONS
00520140703073303.0
008920302r20022002nyu d 000 1 eng d
020 . ‡a0743228774
020 . ‡a0739425641
035 . ‡a(CPomAG)LMN493886
1001 . ‡aClark, Mary Higgins.
24510. ‡aDaddy's little girl ‡h[large print] / ‡cMary Higgins Clark.
250 . ‡a[Large print edition]
260 . ‡aNew York : ‡bSimon & Schuster, ‡cc2002.
300 . ‡a336 pages (large print) ; ‡c25 cm.
650 0. ‡aHomicide ‡vFiction.
650 0. ‡aFamilies ‡vFiction.
650 0. ‡aSisters ‡xDeath ‡vFiction.
655 7. ‡aMystery fiction. ‡2gsafd
650 0. ‡aLarge type books.
959 . ‡i32269000658917 ‡lF Cla ‡aAdult - Fiction ‡tFiction ‡g27.00
852 . ‡p32269000658917 ‡jF Cla ‡gAdult - Fiction ‡cFiction ‡y27.00 ‡bSBPL
901 . ‡a126447 ‡bUnknown ‡c126447 ‡tbiblio

Additional Resources